|
|
|
|
| LEADER |
00000nam2a2200000 4500 |
| 001 |
151553 |
| 005 |
20231101221553.0 |
| 035 |
|
|
|a (RuTPU)RU\TPU\book\164320
|
| 035 |
|
|
|a RU\TPU\book\164319
|
| 090 |
|
|
|a 151553
|
| 100 |
|
|
|a 20090124d1937 km y0rusy50 ca
|
| 101 |
0 |
|
|a rus
|
| 102 |
|
|
|a RU
|
| 105 |
|
|
|a a gz 001zy
|
| 200 |
0 |
|
|a Т. 1. Вып. 2
|
| 210 |
|
|
|d 1937
|
| 215 |
|
|
|a 736 с.
|c ил.
|
| 320 |
|
|
|a Именной указатель: с. 709-721.
|
| 320 |
|
|
|a Предметный указатель: с. 722-736.
|
| 461 |
|
1 |
|0 (RuTPU)RU\TPU\book\174035
|t Химико-технические методы исследования
|o [справочник]
|o в 6 т. (16 вып.)
|f Берль-Лунге
|v Т. 1. Вып. 2
|e Изд. перераб. и доп.
|d 1937-1940
|
| 606 |
1 |
|
|a Химическая технология, общая
|2 stltpush
|3 (RuTPU)RU\TPU\subj\30833
|9 53864
|
| 610 |
1 |
|
|a химия
|
| 610 |
1 |
|
|a исследование
|
| 610 |
1 |
|
|a химико-технологические методы
|
| 610 |
1 |
|
|a давление
|
| 610 |
1 |
|
|a тяга
|
| 610 |
1 |
|
|a скорость
|
| 610 |
1 |
|
|a количество
|
| 610 |
1 |
|
|a измерение
|
| 610 |
1 |
|
|a температура
|
| 610 |
1 |
|
|a температурные шкалы
|
| 610 |
1 |
|
|a термометры
|
| 610 |
1 |
|
|a пирометры
|
| 610 |
1 |
|
|a газы
|
| 610 |
1 |
|
|a волюмометрия
|
| 610 |
1 |
|
|a технический газовый анализ
|
| 610 |
1 |
|
|a топочные газы
|
| 610 |
1 |
|
|a газы сгорания
|
| 610 |
1 |
|
|a оптические измерения
|
| 610 |
1 |
|
|a рефрактометрия
|
| 610 |
1 |
|
|a интерференционные методы
|
| 610 |
1 |
|
|a поляриметрия
|
| 610 |
1 |
|
|a спектральный анализ
|
| 610 |
1 |
|
|a микроскопия
|
| 610 |
1 |
|
|a микрофотография
|
| 610 |
1 |
|
|a колориметрия
|
| 610 |
1 |
|
|a цветовые измерения
|
| 610 |
1 |
|
|a фотолюминесценция
|
| 610 |
1 |
|
|a волокна
|
| 610 |
1 |
|
|a металлы
|
| 610 |
1 |
|
|a рентгеновские исследования
|
| 610 |
1 |
|
|a рентгеновские лучи
|
| 610 |
1 |
|
|a кристаллическая решетка
|
| 610 |
1 |
|
|a химические соединения
|
| 610 |
1 |
|
|a структура
|
| 610 |
1 |
|
|a рентгеновский анализ
|
| 610 |
1 |
|
|a коллоидно-химический анализ
|
| 610 |
1 |
|
|a золи
|
| 610 |
1 |
|
|a гели
|
| 610 |
1 |
|
|a микрохимический анализ
|
| 610 |
1 |
|
|a качественный микроанализ
|
| 610 |
1 |
|
|a количественный микроанализ
|
| 610 |
1 |
|
|a справочники
|
| 675 |
|
|
|a 66(035)
|v 3
|
| 801 |
|
1 |
|a RU
|b 63413507
|c 20090124
|g PSBO
|
| 801 |
|
2 |
|a RU
|b 63413507
|c 20221017
|g PSBO
|
| 942 |
|
|
|c BK
|